000 00482nam a2200181Ia 4500
005 20250326124923.0
008 250326s9999 xx 000 0 und d
037 _aTextbook
040 _aFMSL
_beng
_cFMSL
041 _aeng
_2eng
084 _aX:8F K8
_qFMSL
100 _aBatty J
245 0 _aDevelopments in management accountancy
_cBatty J
260 _aLondon
_bLondon, Heinemann
_c1968
300 _a507p
942 _cTB
_hX:8F K8
999 _c1275775
_d1275775